El aprendizaje musical de los niños
Gorde:
| Egile nagusia: | |
|---|---|
| Formatua: | Liburua |
| Hizkuntza: | gaztelania |
| Argitaratua: |
Buenos Aires
Actilibro
1991
|
| Gaiak: | |
| Etiketak: |
Etiketa erantsi
Etiketarik gabe, Izan zaitez lehena erregistro honi etiketa jartzen!
|
MARC
| LEADER | 00000nam a2200000 a 4500 | ||
|---|---|---|---|
| 001 | UCY3380 | ||
| 003 | CL-VaPUC | ||
| 008 | 941222e19910000AG |||||||||||||||||spa|d | ||
| 082 | 0 | 4 | |a 372.87 |b MAL |2 21 |
| 100 | |a Malbrán, Silvia |e autora |9 619927 | ||
| 245 | 1 | 3 | |a El aprendizaje musical de los niños |
| 300 | |a 239 p | ||
| 942 | |c BK | ||
| 945 | |d 19941222 00:00:00 |a rbrito | ||
| 260 | |a Buenos Aires |b Actilibro |c 1991 | ||
| 650 | 0 | |a Música |x Enseñanza |9 306653 | |
| 650 | 0 | |a Música para niños |9 306652 | |
| 583 | |a last modification |c 19941222 00:00:00 |k Rodrigo Vera | ||
| 999 | |c 231533 |d 231531 | ||
| 952 | |0 0 |1 0 |4 0 |6 372_870000000000000_MAL_1991 |7 0 |8 A |9 234872 |a BIBEDU |b BIBEDU |d 2019-11-15 |i 3036529 |o 372.87 MAL 1991 |p 3036529 |r 2019-11-15 |w 2019-11-15 |y BK |k EPE | ||